Normal view MARC view
  • Fenster, Saul K

Entry Corporate Name

Number of records used in: 1

001 - CONTROL NUMBER

  • control field: 84122

003 - CONTROL NUMBER IDENTIFIER

  • control field: NUST

005 - DATE AND TIME OF LATEST TRANSACTION

  • control field: 20211115100322.0

008 - FIXED-LENGTH DATA ELEMENTS

  • fixed length control field: 211115|| aca||aabn | a|a d

040 ## - CATALOGING SOURCE

  • Original cataloging agency: NUST
  • Transcribing agency: NUST

110 ## - HEADING--CORPORATE NAME

  • Corporate name or jurisdiction name as entry element: Fenster, Saul K

670 ## - SOURCE DATA FOUND

  • Source citation: Work cat.: (NUST): Ugural, A. C. 84121, Advanced Mechanics of Materials and Applied Elasticity, 2020.
© 2023 Central Library, National University of Sciences and Technology. All Rights Reserved.